Statistics for Most Produced Aircraft in the World

Click here to take the quiz!

General Stats

  • This quiz has been taken 7 times
  • The average score is 2 of 115

Answer Stats

Number ProducedCountry of OriginUse of AircraftType of AircraftAircraft% Correct
22,685United KingdomMilitaryFighterSupermarine Spitfire
50%
10,406Various European CountriesCivilianJet AirlinerAirbus A320
33%
11,066United StatesCivilianJet AirlinerBoeing 737
33%
5,174United StatesCivilanUtility/TrainerCessna 170
17%
44,000+United StatesCivilianUtility/TrainerCessna 172
17%
23,237+United StatesCivilianUtilityCessna 182
17%
14,487United KingdomMilitaryFighterHawker Hurricane
17%
34,852GermanyMilitaryFighterMesserschmitt Bf-109
17%
15,586United StatesMilitaryFighterNorth American P-51 Mustang
17%
10,000+United StatesCivilianUtility/TrainerAeronca Champion
0%
6,295United KingdomMilitaryBomber/BiplaneAirco DH.4
0%
8,751United KingdomMilitaryTrainerAirspeed Oxford
0%
5,700Soviet UnionMilitaryGlider/TrainerAntonov A-1
0%
18,000+Soviet UnionCivilianBiplane/UtilityAntonov An-2
0%
11,303United KingdomMilitaryBiplane, Bomber/TrainerAvro 504
0%
11,020United KingdomMilitaryMultiroleAvro Anson
0%
7,377United KingdomMilitaryHeavy BomberAvro Lancaster
0%
6,884+United StatesCivilianUtilityBeechcraft Baron
0%
17,000+United StatesCommercialUtilityBeechcraft Bonanza
0%
9,000+United StatesCivilianUtilityBeechcraft Model 18
0%
7,340+United StatesCivilianUtility/Trainer HelicopterBell 206 JetRanger
0%
9,584United StatesMilitaryFighterBell P-39 Airacobra
0%
16,000+United StatesMilitaryUtility HelicopterBell UH-1 Huey
0%
12,731United StatesMilitaryHeavy BomberBoeing B-17 Flying Fortress
0%
8,584United StatesMilitaryTrainerBoeing-Stearman Model 75
0%
7,800FranceMilitaryReconnaissanceBreguet 14
0%
5,928United KingdomMilitaryHeavy FighterBristol Beaufighter
0%
5,329United KingdomMilitaryBiplane FighterBristol F.2 Fighter
0%
7,664United StatesCivilianUtility/TrainerCessna 120
0%
31,471United StatesCivilianUtility/TrainerCessna 150
0%
6,193United StatesCivilianUtilityCessna 180
0%
7,783-8,509United StatesCivilianUtilityCessna 206
0%
9,240United StatesCivilianUtilityCessna 210
0%
5,737United StatesCivilianUtility/TrainerCessna 310
0%
5,422United StatesMilitaryTrainerCessna AT-17 Bobcat
0%
13,000+United StatesCivilianUltralightChotia Weedhopper
0%
6,150+United StatesCivilianUtility/TrainerCirrus SR22
0%
18,482United StatesMilitaryHeavy BomberConsolidated B-24 Liberator
0%
6,813United StatesMilitaryTrainer BiplaneCurtiss JN-4
0%
13,738United StatesMilitaryFighterCurtiss P-40 Warhawk
0%
7,140United StatesMilitaryDive BomberCurtiss SB2C Helldiver
0%
7,781United KingdomMilitaryMultirolede Havilland Mosquito
0%
7,105United KingdomCivilianTrainer Biplanede Havilland Tiger Moth
0%
10,000GermanyMilitaryGlider/TrainerDFS SG 38 Schulgleiter
0%
7,478United StatesMilitaryMultiroleDouglas DB-7 (A-20 Havoc)
0%
16,079United StatesCivilianAirliner/TransportDouglas DC-3
0%
5,938United StatesMilitaryDive Bomber/ScoutDouglas SBD Dauntless
0%
5,685United StatesCivilianUtility/TrainerERCO Ercoupe
0%
7,700+United StatesMilitaryTrainerFairchild PT-19
0%
20,051GermanyMilitaryFighterFocke-Wulf Fw 190
0%
7,885United StatesMilitaryFighterGrumman F4F Wildcat
0%
12,275United StatesMilitaryFighterGrumman F6F Hellcat
0%
9,836United StatesMilitaryTorpedo BomberGrumman TBF Avenger
0%
5,000+GermanyCivilianSailplaneGrunau Baby IIb
0%
6,176United KingdomMilitaryHeavy BomberHandley Page Halifax
0%
7,300GermanyMilitaryMedium BomberHeinkel He-111
0%
6,226Soviet UnionMilitaryGround AttackIlyushin Il-10
0%
36,183Soviet UnionMilitaryGround-AttackIlyushin Il-2
0%
6,635+Soviet UnionMilitaryMedium BomberIlyushin Il-28
0%
5,256Soviet UnionMilitaryMedium BomberIlyushin Il-4
0%
6,000GermanyMiiltaryDive BomberJunker Ju-87
0%
15,183GermanyMilitaryMultiroleJunkers Ju-88
0%
8,000+FranceCommercialHang GliderLa Mouette Atlas
0%
6,258Soviet UnionMilitaryFighterLavochkin-Gorbunov-Gudkov LaGG-3
0%
9,920Soviet UnionMilitaryFighterLavochkin La-5
0%
5,753Soviet UnionMilitaryFighterLavochkin La-7
0%
10,037United StatesMilitaryFighterLockheed P-38 Lightning
0%
6,557United StatesMilitaryJet TrainerLockheed T-33 Shooting Star
0%
5,288United StatesMilitaryMedium BomberMartin B-26 Marauder
0%
5,195United StatesMilitaryFighter Jet/BomberMcDonnell Douglas F-4 Phantom II
0%
6,150GermanyMilitaryHeavy/Night FighterMesserschmitt Bf-110
0%
18,000+Soviet UnionMilitaryFighterMikoyan-Gurevich MiG-15
0%
10,367Soviet UnionMilitaryFighter JetMikoyan-Gurevich MiG-17
0%
5,500Soviet UnionMilitaryFighter JetMikoyan-Gurevich MiG-19
0%
13,996Soviet UnionMilitaryFighter JetMikoyan-Gurevich MiG-21
0%
5,047Soviet UnionMilitaryFighter JetMikoyan-Gurevich MiG-23
0%
5,497Soviet UnionMilitaryUtility HelicopterMil Mi-2
0%
17,000+Soviet UnionMilitaryUtility HelicopterMil Mi-8
0%
10,939JapanMilitaryFighterMitsubishi A6M Zero
0%
11,000+United StatesCivilianUtilityMooney M20
0%
5,919JapanMilitaryFighterNakajima Ki-43
0%
9,984United StatesMiltaryMedium BomberNorth American B-25 Mitchell
0%
9,860United StatesMilitaryFighter JetNorth American F-86 Sabre
0%
15,495United StatesMilitaryTrainerNorth American T-6 Texan
0%
11,427Soviet UnionMilitaryDive BomberPetlyakov Pe-2
0%
20,191United StatesCivilianUtility/TrainerPiper J-3 Cub
0%
10,222United StatesCommercialUtility/TrainerPiper PA-18 Super Cub
0%
6,976United StatesCivilianUtility/TrainerPiper PA-23
0%
32,778+United StatesCivilianUtility/TrainerPiper PA-28 series
0%
7,842+United StatesCivilianUtilityPiper PA-32
0%
10,610United StatesCivilianUtility/TrainerPiper Pacer
0%
6,750Soviet UnionMilitaryFighterPolikarpov I-15
0%
10,292Soviet UnionMilitaryFighterPolikarpov I-16
0%
20,000-30,000Soviet UnionMilitaryBiplane/MultirolePolikarpov Po-2
0%
7,000Soviet UnionMilitaryReconnaissance/BomberPolikarpov R-5
0%
7,524United StatesMilitaryFighter Jet/BomberRepublic F-84 Thunderjet
0%
15,660United StatesMilitaryFighterRepublic P-47 Thunderbolt
0%
6,300+United StatesCivilianUtility/Trainer HelicopterRobinson R44
0%
5,205United KingdomMilitaryBiplane FighterRoyal Aircraft Factory S.E.5
0%
5,939United KingdomMilitaryMultirole BiplaneSopwith 1 1/2 Strutter
0%
5,497United KingdomMilitaryBiplane FighterSopwith Camel
0%
8,472FranceMilitaryBiplane FighterSPAD S.XIII
0%
5,260United StatesCivilianUtility/TrainerStinson 108
0%
6,656Soviet UnionMilitaryBomberTupolev SB
0%
11,462United KingdomMilitaryMedium BomberVickers Wellington
0%
12,571United StatesMilitaryFighterVought F4U Corsair
0%
11,537United StatesMilitaryTrainingVultee BT-13 Valiant
0%
13,903+United StatesMilitaryMilitary GliderWaco CG-4
0%
7,243Soviet UnionMilitaryTrainerYakovlev UT-2
0%
8,734Soviet UnionMilitaryFighterYakovlev Yak-1
0%
5,000+Soviet UnionMilitaryMultirole STOLYakovlev Yak-12
0%
6,630+Soviet UnionMilitaryTrainerYakovlev Yak-18
0%
6,339Soviet UnionMilitaryFighter/TrainerYakovlev Yak-7
0%
16,769Soviet UnionMilitaryFighterYakovlev Yak-9
0%
5,770JapanMilitaryTrainer BiplaneYokosuka K5Y
0%

Score Distribution

Percentile by Number Answered

Percent of People with Each Score

Your Score History

You have not taken this quiz